[Event "Bogota University op 7th"]
[Site "Bogota"]
[Date "2013.10.13"]
[Round "7"]
[White "Rojas, Santiago"]
[Black "Quinonez Lara, Maria Constanza"]
[Result "1-0"]
[WhiteElo "1601"]
[BlackElo "1793"]
[PlyCount "96"]
[EventDate "2013.10.10"]
[EventType "swiss"]
[EventRounds "9"]
[EventCountry "COL"]
[SourceTitle "CBM 156 Extra"]
[Source "ChessBase"]
[SourceDate "2013.10.22"]
[SourceVersion "1"]
[SourceVersionDate "2013.10.22"]
[SourceQuality "1"]

1. e4 c5 2. Nf3 d6 3. d4 cxd4 4. Nxd4 Nf6 5. Nc3 a6 6. Bg5 e6 7. Bc4 Be7 8. f4 b5 9. Bb3 b4 10. e5 bxc3 11. exf6 Bxf6 12. 0-0 cxb2 13. Rb1 0-0 14. c3 Bxg5 15. fxg5 Bb7 16. Rxb2 d5 17. Bc2 Qe7 18. Qh5 g6 19. Qh6 Nc6 20. Rf6 Nxd4 21. cxd4 Bc6 22. Rb3 Qa7 23. Qh4 h6 24. gxh6 Ba4 25. Rf2 f5 26. Rg3 Be8 27. Re3 Qf7 28. Rfe2 Bd7 29. Ba4 Bxa4 30. Rxe6 Rae8 31. Re7 Rxe7 32. Rxe7 Qf6 33. Rg7+ Kh8 34. Qf4 Qb6 35. Qe5 Qb1+ 36. Kf2 Qc2+ 37. Kg3 Qd3+ 38. Kf2 Qd2+ 39. Kg1 Qd1+ 40. Kf2 Qd2+ 41. Kg3 Qg5+ 42. Kf2 Qd2+ 43. Kf3 Bd1+ 44. Kg3 Qg5+ 45. Kf2 Qd2+ 46. Kg1 Qxh6 47. Rxg6+ Kh7 48. Rxh6+ Kxh6 1-0

[Event "Bogota University op 7th"]
[Site "Bogota"]
[Date "2013.10.10"]
[Round "2"]
[White "Castaneda, Victor"]
[Black "Rojas, Santiago"]
[Result "1-0"]
[WhiteElo "1928"]
[BlackElo "1601"]
[PlyCount "59"]
[EventDate "2013.10.10"]
[EventType "swiss"]
[EventRounds "9"]
[EventCountry "COL"]
[SourceTitle "CBM 156 Extra"]
[Source "ChessBase"]
[SourceDate "2013.10.22"]
[SourceVersion "1"]
[SourceVersionDate "2013.10.22"]
[SourceQuality "1"]

1. d4 Nf6 2. c4 e6 3. Nf3 b6 4. g3 Bb4+ 5. Bd2 Bxd2+ 6. Nbxd2 Bb7 7. Bg2 d6 8. 0-0 Nbd7 9. Qc2 Qe7 10. e4 e5 11. Rae1 0-0 12. Nh4 g6 13. Nhf3 Nh5 14. h4 f5 15. d5 Ng7 16. Kh2 Rae8 17. b4 Ra8 18. Nb3 fxe4 19. Ng5 Nf6 20. Nxe4 Bc8 21. Nxf6+ Rxf6 22. c5 Bf5 23. Qc3 Raf8 24. f3 Bd7 25. Nd2 Rf5 26. Ne4 Rh5 27. Kg1 Rhf5 28. cxd6 cxd6 29. Qc7 Ra8 30. Qxd6 1-0